LEADER 02457nam0 22005533i 450 001 VAN0275373 005 20240612021102.402 017 70$2N$a9783030843045 100 $a20240424d2021 |0itac50 ba 101 $aeng 102 $aCH 105 $a|||| ||||| 200 1 $aTranscendence in Algebra, Combinatorics, Geometry$eTRANS19 ? Transient Transcendence in Transylvania, Bra?ov, Romania, May 13?17, 2019, Revised and Extended Contributions$fAlin Bostan, Kilian Raschel editors 210 $aCham$cSpringer$d2021 215 $axxxix, 521 p.$cill.$d24 cm 410 1$1001VAN0102574$12001 $aSpringer proceedings in mathematics & statistics$1210 $aBerlin [etc.]$cSpringer$v373 606 $a11-XX$xNumber theory [MSC 2020]$3VANC019688$2MF 606 $a00B25$xProceedings of conferences of miscellaneous specific interest [MSC 2020]$3VANC020732$2MF 606 $a11Jxx$xDiophantine approximation, transcendental number theory [MSC 2020]$3VANC023205$2MF 610 $aBass-Quillen conjecture$9KW:K 610 $aCommutative algebra$9KW:K 610 $aDifference equations$9KW:K 610 $aDifferential equations$9KW:K 610 $aEnumerative combinatorics$9KW:K 610 $aFinite automata$9KW:K 610 $aFrobenius structures$9KW:K 610 $aFunctional equations$9KW:K 610 $aHamiltonian systems$9KW:K 610 $aHypergeometric series$9KW:K 610 $aJacobian Conjecture$9KW:K 610 $aNumber theory$9KW:K 610 $aProbability Theory$9KW:K 610 $aSpecial functions$9KW:K 610 $aStatistical Mechanics$9KW:K 610 $aTheta functions$9KW:K 610 $aTheta series$9KW:K 610 $aZeta function$9KW:K 620 $aCH$dCham$3VANL001889 702 1$aBostan$bAlin$3VANV227853 702 1$aRaschel$bKilian$3VANV227854 712 $aSpringer $3VANV108073$4650 801 $aIT$bSOL$c20240614$gRICA 856 4 $uhttps://doi.org/10.1007/978-3-030-84304-5$zE-book ? Accesso al full-text attraverso riconoscimento IP di Ateneo, proxy e/o Shibboleth 899 $aBIBLIOTECA DEL DIPARTIMENTO DI MATEMATICA E FISICA$1IT-CE0120$2VAN08 912 $fN 912 $aVAN0275373 950 $aBIBLIOTECA DEL DIPARTIMENTO DI MATEMATICA E FISICA$d08CONS e-Book 8460 $e08eMF8460 20240503 996 $aTranscendence in Algebra, Combinatorics, Geometry$94153529 997 $aUNICAMPANIA LEADER 02248nam0 22004573i 450 001 VAN00175635 005 20240806101048.312 017 70$2N$a9783319420677 100 $a20210705d2016 |0itac50 ba 101 $aeng 102 $aCH 105 $a|||| ||||| 200 1 $aˆThe ‰Continuum Limit of Causal Fermion Systems$efrom Planck Scale Structures to Macroscopic Physics$fFelix Finster 210 $aCham$cSpringer$d2016 215 $axi, 548 p.$cill.$d24 cm 410 1$1001VAN00045513$12001 $aFundamental theories of physics$1210 $aDordrecht [etc.]$cKluwer. $1300 $aL'editore varia in: Springer$v186 500 1$3VAN00175636$aˆThe ‰Continuum Limit of Causal Fermion Systems : from Planck Scale Structures to Macroscopic Physics$91818766 606 $a81-XX$xQuantum theory [MSC 2020]$3VANC019967$2MF 606 $a81T13$xYang-Mills and other gauge theories in quantum field theory [MSC 2020]$3VANC023357$2MF 606 $a81T27$xContinuum limits in quantum field theory [MSC 2020]$3VANC036432$2MF 606 $a81V15$xWeak interaction in quantum theory [MSC 2020]$3VANC036101$2MF 610 $aCausal action principle$9KW:K 610 $aCausal fermion system$9KW:K 610 $aDirac equations$9KW:K 610 $aFermionic projector$9KW:K 610 $aGauge Theory$9KW:K 610 $aMathematical structure of spacetime$9KW:K 610 $aPlanck scale physics$9KW:K 610 $aQuantum geometry$9KW:K 610 $aYang-Mills equation$9KW:K 620 $aCH$dCham$3VANL001889 700 1$aFinster$bFelix$3VANV089212$0814121 712 $aSpringer $3VANV108073$4650 801 $aIT$bSOL$c20250131$gRICA 856 4 $uhttp://doi.org/10.1007/978-3-319-42067-7$zE-book ? Accesso al full-text attraverso riconoscimento IP di Ateneo, proxy e/o Shibboleth 899 $aBIBLIOTECA DEL DIPARTIMENTO DI MATEMATICA E FISICA$1IT-CE0120$2VAN08 912 $fN 912 $aVAN00175635 950 $aBIBLIOTECA DEL DIPARTIMENTO DI MATEMATICA E FISICA$d08DLOAD e-book 2881 $e08eMF2881 20210705 996 $aContinuum Limit of Causal Fermion Systems : from Planck Scale Structures to Macroscopic Physics$91818766 997 $aUNICAMPANIA